[Event "4NCL/Div1/WG2-BIG"]
[Site "Rd5-Birmingham"]
[Date "2000.01.22"]
[Round "5.4"]
[White "Ferguson, Mark"]
[Black "Lee, Graham"]
[Result "1-0"]
[WhiteElo "2371"]
[BlackElo "2328"]
[PlyCount "99"]
[EventDate "2000.01.22"]
[SourceDate "2000.01.01"]

1. e4 c6 2. d4 d5 3. e5 Bf5 4. Nf3 e6 5. Be2 Bg4 6. Nbd2 Nd7 7. O-O Ne7 8. h3
Bxf3 9. Nxf3 Qb6 10. a4 a5 11. c3 Ng6 12. h4 Be7 13. g3 Ngf8 14. Bd2 f6 15.
exf6 gxf6 16. h5 Bd6 17. Kg2 Rg8 18. Bd3 O-O-O 19. Qe1 e5 20. dxe5 Nxe5 21.
Nxe5 fxe5 22. Bf5+ Kb8 23. c4 Bc7 24. cxd5 cxd5 25. Rc1 Qf6 26. Bh3 b6 27. Qe2
Ne6 28. Bxe6 Qxe6 29. Qb5 d4 30. Rc6 Qd5+ 31. Qxd5 Rxd5 32. Rfc1 Rg7 33. Kf3
Rd6 34. Rxd6 Bxd6 35. Rc6 Rf7+ 36. Ke4 Rxf2 37. Rxb6+ Ka7 38. Rxd6 Rxd2 39.
Kxe5 d3 40. Ke4 Re2+ 41. Kxd3 Rxb2 42. Ke4 Rb4+ 43. Rd4 Rb3 44. g4 Kb6 45. Rc4
h6 46. Kf5 Rb1 47. g5 hxg5 48. h6 Rh1 49. Kg6 g4 50. Rxg4 1-0

[Event "4NCL/Div1/WG2-BIG"]
[Site "Rd5-Birmingham"]
[Date "2000.01.22"]
[Round "5.5"]
[White "Law, Andrew"]
[Black "Arkell, Keith"]
[Result "0-1"]
[WhiteElo "2304"]
[BlackElo "2436"]
[PlyCount "52"]
[EventDate "2000.01.22"]
[SourceDate "2000.01.01"]

1. d4 Nf6 2. Nf3 e6 3. c4 b6 4. e3 Bb4+ 5. Nbd2 c5 6. dxc5 Bxc5 7. Bd3 Bb7 8.
O-O O-O 9. b3 Nc6 10. Bb2 Re8 11. Rc1 Qe7 12. Ng5 d5 13. Bxf6 Qxf6 14. Bxh7+
Kf8 15. Ndf3 g6 16. h4 Rad8 17. h5 dxc4 18. Qe2 Ne5 19. hxg6 fxg6 20. Nxe5 Qxg5
21. Nxg6+ Kg7 22. Nf4 Kxh7 23. Qxc4 e5 24. Qf7+ Qg7 25. Qh5+ Kg8 26. Ng6 Re6
0-1

[Event "4NCL/Div1/WG2-BIG"]
[Site "Rd5-Birmingham"]
[Date "2000.01.22"]
[Round "5.6"]
[White "Baker, Chris W"]
[Black "Yastrebov, Alexander"]
[Result "1-0"]
[WhiteElo "2357"]
[BlackElo "2178"]
[PlyCount "89"]
[EventDate "2000.01.22"]
[SourceDate "2000.01.01"]

1. e4 c5 2. Nc3 Nc6 3. Nf3 e5 4. Bc4 d6 5. d3 Be7 6. Nd5 Nf6 7. Ne3 O-O 8. c3
Ng4 9. Nd5 Kh8 10. h3 Nf6 11. O-O Nxd5 12. exd5 Na5 13. Bb5 a6 14. Ba4 b5 15.
Bc2 f5 16. b4 cxb4 17. cxb4 Nb7 18. Bb2 Bd7 19. Re1 Qe8 20. Rc1 Rc8 21. Bb3 Qg6
22. Rxc8 Bxc8 23. Nd4 f4 24. Qf3 Bf5 25. Nxf5 Qxf5 26. Rc1 Rc8 27. Rc6 Nd8 28.
Rxa6 Qd7 29. Rb6 Nf7 30. Qg4 Qd8 31. Rxb5 Bf6 32. Rb7 Rc7 33. Rxc7 Qxc7 34. Qe6
h6 35. b5 Qa5 36. Kf1 Qxb5 37. Qc8+ Nd8 38. Qc4 Qb6 39. Bc3 Bh4 40. Be1 Bf6 41.
Ba4 Qb1 42. Qb3 Qa1 43. Be8 Bg5 44. Bg6 f3 45. Qb5 1-0

[Event "4NCL/Div1/WG2-BIG"]
[Site "Rd5-Birmingham"]
[Date "2000.01.22"]
[Round "5.7"]
[White "Tan, Desmond"]
[Black "Mason, Don"]
[Result "1/2-1/2"]
[WhiteElo "2182"]
[BlackElo "2279"]
[PlyCount "50"]
[EventDate "2000.01.22"]
[SourceDate "2000.01.01"]

1. e4 e6 2. d4 d5 3. Nc3 Bb4 4. e5 c5 5. Bd2 Ne7 6. Nb5 Bxd2+ 7. Qxd2 O-O 8.
dxc5 Nbc6 9. f4 Bd7 10. Nd6 b6 11. b4 bxc5 12. bxc5 Ng6 13. Bd3 f6 14. Bxg6
hxg6 15. Nf3 fxe5 16. fxe5 Rxf3 17. gxf3 Qh4+ 18. Qf2 Qf4 19. O-O Nxe5 20. Qg3
Qd4+ 21. Kg2 Rf8 22. Rae1 Qd2+ 23. Qf2 Qg5+ 24. Qg3 Qd2+ 25. Qf2 Qg5+ 1/2-1/2

[Event "4NCL/Div1/BAR-NWE"]
[Site "Rd5-Birmingham"]
[Date "2000.01.22"]
[Round "5.1"]
[White "Pert, Nick"]
[Black "Littlewood, John"]
[Result "1-0"]
[WhiteElo "2396"]
[BlackElo "2313"]
[PlyCount "89"]
[EventDate "2000.01.22"]
[SourceDate "2000.01.01"]

1. d4 g6 2. g3 Nf6 3. Bg2 Bg7 4. Nf3 O-O 5. O-O d6 6. c4 Nbd7 7. Nc3 e5 8. e4
a6 9. h3 Re8 10. Re1 h6 11. Be3 exd4 12. Nxd4 Nc5 13. Qc2 Bd7 14. f4 Nh5 15.
Kh2 g5 16. fxg5 Be5 17. Nce2 hxg5 18. Nf3 Bf6 19. e5 Rxe5 20. Nxe5 Bxe5 21. Bd4
g4 22. Bxe5 dxe5 23. Rad1 Qe7 24. Qd2 Be6 25. b4 Na4 26. Bxb7 Rb8 27. Bd5 Bxd5
28. Qxd5 Nf6 29. Qd2 Rxb4 30. Qg5+ Kf8 31. Qh6+ Kg8 32. Qg5+ Kf8 33. Rf1 Rb6
34. Rf5 Nd7 35. Qxg4 Nac5 36. Rdf1 f6 37. Rh5 Qg7 38. Qh4 Kg8 39. Kg1 Rb2 40.
Nc3 c6 41. Nd1 Re2 42. Nf2 Rxa2 43. Ng4 Ne4 44. Nh6+ Kf8 45. Nf5 1-0

[Event "4NCL/Div1/BAR-NWE"]
[Site "Rd5-Birmingham"]
[Date "2000.01.22"]
[Round "5.2"]
[White "Quillan, Gary"]
[Black "Crouch, Colin"]
[Result "0-1"]
[WhiteElo "2349"]
[BlackElo "2424"]
[PlyCount "62"]
[EventDate "2000.01.22"]
[SourceDate "2000.01.01"]

1. e4 e5 2. Nf3 Nf6 3. Nxe5 d6 4. Nf3 Nxe4 5. Nc3 Nxc3 6. dxc3 Be7 7. Be3 Nd7
8. Qd2 Ne5 9. Be2 Be6 10. Nd4 Qd7 11. Nxe6 Qxe6 12. O-O Nc4 13. Bxc4 Qxc4 14.
Rfe1 O-O 15. Bd4 Rfe8 16. Re3 Bf8 17. b3 Qc6 18. Rae1 Rxe3 19. Rxe3 Qa6 20. c4
Qxa2 21. h4 Qa6 22. h5 d5 23. Rg3 dxc4 24. Bxg7 Bxg7 25. h6 Qa1+ 26. Kh2 Qf6
27. Rxg7+ Kh8 28. Kg1 a5 29. Qd5 Re8 30. g3 Qxh6 31. Rxf7 Re1+ 0-1

[Event "4NCL/Div1/BAR-NWE"]
[Site "Rd5-Birmingham"]
[Date "2000.01.22"]
[Round "5.3"]
[White "Collinson, Adam"]
[Black "Kennaugh, Charles"]
[Result "1/2-1/2"]
[WhiteElo "2405"]
[BlackElo "2290"]
[PlyCount "69"]
[EventDate "2000.01.22"]
[SourceDate "2000.01.01"]

1. e4 e5 2. Nf3 Nc6 3. Nc3 Nf6 4. Bb5 Bb4 5. O-O O-O 6. d3 d6 7. Bg5 Bxc3 8.
bxc3 Qe7 9. d4 h6 10. Bh4 Bg4 11. h3 Bh5 12. g4 Bg6 13. Re1 Rad8 14. Bd3 Bh7
15. d5 Nb8 16. Nd2 Nbd7 17. Nf1 g5 18. Bg3 Nc5 19. f3 Nfd7 20. Ne3 Qf6 21. Qe2
Na4 22. c4 Nc3 23. Qf2 Nc5 24. h4 Kg7 25. Kg2 Rh8 26. Rh1 Bg6 27. Qe1 N5a4 28.
Qd2 Rde8 29. Rh3 Qd8 30. hxg5 hxg5 31. Rah1 Rxh3 32. Rxh3 Rh8 {(Draw offer)}
33. Rxh8 Kxh8 34. Bf2 Qe7 35. Qe1 1/2-1/2

[Event "4NCL/Div1/BAR-NWE"]
[Site "Rd5-Birmingham"]
[Date "2000.01.22"]
[Round "5.4"]
[White "Lund, Brett"]
[Black "Knott, Simon"]
[Result "1/2-1/2"]
[WhiteElo "2291"]
[BlackElo "2351"]
[PlyCount "74"]
[EventDate "2000.01.22"]
[SourceDate "2000.01.01"]

1. g3 Nf6 2. Bg2 d5 3. f4 g6 4. d3 Bg7 5. Nf3 O-O 6. O-O c5 7. Nc3 d4 8. Ne4
Nxe4 9. dxe4 b6 10. e5 Bb7 11. e3 Nc6 12. Ng5 h6 13. Ne4 Qd7 14. Qe2 f5 15. Nf2
e6 16. Rd1 Qe7 17. a3 Rfd8 18. e4 Rac8 19. Bd2 c4 20. Qxc4 Nxe5 21. Qb4 Nc6 22.
Qa4 d3 23. cxd3 Bxb2 24. Ra2 Bd4 25. Be1 Bc5 26. Kh1 Nd4 27. Rb1 a6 28. Bb4
Bxb4 29. Qxb4 Qxb4 30. axb4 Nb5 31. Re1 Nc7 32. exf5 Bxg2+ 33. Kxg2 exf5 34.
Rc1 Nd5 35. Rxc8 Rxc8 36. Rxa6 Rc2 37. Kf3 Rb2 1/2-1/2

[Event "4NCL/Div1/BAR-NWE"]
[Site "Rd5-Birmingham"]
[Date "2000.01.22"]
[Round "5.6"]
[White "Sheldon, Ruth"]
[Black "Palliser, Richard"]
[Result "1/2-1/2"]
[WhiteElo "2281"]
[BlackElo "2322"]
[PlyCount "83"]
[EventDate "2000.01.22"]
[SourceDate "2000.01.01"]

1. d4 d5 2. c4 c6 3. Nf3 Nf6 4. Nc3 dxc4 5. a4 Bf5 6. Ne5 e6 7. g3 Bb4 8. Bg2
Be4 9. Bxe4 Nxe4 10. O-O Nxc3 11. bxc3 Bxc3 12. Ba3 Qxd4 13. Nxc4 Qxc4 14. Qd6
c5 15. Rfd1 Bd4 16. Rac1 Qd5 17. Qxd5 exd5 18. Rxd4 b6 19. Rxd5 Nc6 20. e3 Rd8
21. Rxd8+ Kxd8 22. h4 Ke7 23. Bb2 f6 24. Bc3 Rd8 25. Kf1 a5 26. Ke2 Nb4 27. Rb1
Kd7 28. Bb2 Kc6 29. Rc1 Rd3 30. g4 Rb3 31. Ba1 Ra3 32. g5 Nd5 33. h5 fxg5 34.
Bxg7 Rxa4 35. Kf3 Rh4 36. h6 Ne7 37. Rg1 Nf5 38. Rxg5 Nxh6 39. Kg3 Rh1 40. Kg2
Rh4 41. Kg3 Rh1 42. Kg2 1/2-1/2

[Event "4NCL/Div1/BAR-NWE"]
[Site "Rd5-Birmingham"]
[Date "2000.01.22"]
[Round "5.7"]
[White "Pritchett, Craig"]
[Black "Hague, Ben"]
[Result "1-0"]
[WhiteElo "2313"]
[BlackElo "2200"]
[PlyCount "107"]
[EventDate "2000.01.22"]
[SourceDate "2000.01.01"]

1. Nf3 g6 2. e4 Bg7 3. d4 d6 4. Nc3 c6 5. h3 Nf6 6. Bd3 Nbd7 7. Be3 Qc7 8. Qd2
b5 9. Bh6 O-O 10. O-O e5 11. Bxg7 Kxg7 12. Rfe1 Bb7 13. Rad1 Rad8 14. a3 Rfe8
15. Bf1 a6 16. Re3 d5 17. exd5 cxd5 18. Nxe5 Nxe5 19. Rxe5 Rxe5 20. dxe5 Qxe5
21. Re1 Qd6 22. Qd4 Kg8 23. Bd3 Re8 24. Rxe8+ Nxe8 25. Ne2 Ng7 26. Qa7 Qc6 27.
Nd4 Qc8 28. Qb6 Ne6 29. Nxe6 fxe6 30. Be2 Bc6 31. Bg4 Bd7 32. Qd6 Kf7 33. c3 h5
34. Bf3 Be8 35. Qf4+ Ke7 36. g3 Bf7 37. Be2 Qe8 38. Bd3 Kd7 39. Qd4 Kd6 40.
Qb4+ Kc6 41. a4 Kb6 42. Qd4+ Kb7 43. axb5 axb5 44. Qc5 Ka6 45. Qd6+ Kb7 46. b4
Bg8 47. h4 Bh7 48. Qc5 Ka6 49. Qc7 Bg8 50. Qa5+ Kb7 51. Bxb5 Qf7 52. Ba6+ Kb8
53. Qb6+ Ka8 54. Bb5 1-0

[Event "4NCL/Div1/BAR-NWE"]
[Site "Rd5-Birmingham"]
[Date "2000.01.22"]
[Round "5.8"]
[White "James, Dale"]
[Black "Lauterbach, Ingrid"]
[Result "0-1"]
[WhiteElo "2239"]
[BlackElo "2182"]
[PlyCount "137"]
[EventDate "2000.01.22"]
[SourceDate "2000.01.01"]

1. e4 d6 2. d4 Nf6 3. Bd3 e5 4. c3 d5 5. dxe5 Nxe4 6. Bxe4 dxe4 7. Qa4+ Bd7 8.
Qxe4 Bc6 9. Qg4 Qe7 10. Qc8+ Qd8 11. Qxd8+ Kxd8 12. Nf3 Nd7 13. Bf4 Be7 14. O-O
Bxf3 15. gxf3 g5 16. Bg3 h5 17. h3 Rh6 18. Nd2 Re6 19. Rfe1 Ke8 20. f4 gxf4 21.
Bxf4 Nc5 22. Nf3 Nd3 23. Re4 Rd8 24. Bg3 Nxb2 25. Rd4 Nd3 26. Rd1 Nc5 27. Nh4
Ra6 28. Nf5 Ne6 29. Rxd8+ Bxd8 30. Rb1 Rxa2 31. Rxb7 a5 32. Nd4 Kd7 33. Nxe6
fxe6 34. Bf4 a4 35. Be3 a3 36. Ra7 Kc6 37. c4 Ra1+ 38. Kg2 Be7 39. Ra6+ Kb7 40.
Ra7+ Kb8 41. Ra4 Ra2 42. Kf3 Rb2 43. c5 Rb3 44. Ke4 Rc3 45. Ra5 Rc4+ 46. Kd3
Rh4 47. Rxa3 Kb7 48. Ra1 Rxh3 49. Kc4 Rh4+ 50. Bd4 Rg4 51. Ra4 Bh4 52. Ra2 Bg5
53. Rb2+ Kc6 54. Ra2 h4 55. Ra6+ Kd7 56. c6+ Ke8 57. Ra8+ Bd8 58. Ra3 Rf4 59.
Rh3 Kf7 60. Kd3 Kg6 61. Rh1 Kf5 62. Be3 Rg4 63. Bd4 Rg2 64. Ke3 Kg4 65. Bc5 h3
66. Bb4 h2 67. Ke2 Kh3 68. Rf1 Rg4 69. Bc3 {
etc (both players' scoresheets were incomprehensible)} 0-1

[Event "4NCL/Div1/BIG-AD"]
[Site "Rd6-Birmingham"]
[Date "2000.01.23"]
[Round "6.2"]
[White "Mestel, Jonathan"]
[Black "McShane, Luke"]
[Result "1/2-1/2"]
[WhiteElo "2479"]
[BlackElo "2438"]
[PlyCount "88"]
[EventDate "2000.01.23"]
[SourceDate "2000.01.01"]

1. c4 g6 2. Nc3 Bg7 3. d4 Nf6 4. e4 d6 5. f3 O-O 6. Bg5 c5 7. d5 e6 8. Nge2
exd5 9. cxd5 Nbd7 10. Qd2 a6 11. a4 h6 12. Be3 Ne5 13. Nc1 Nh5 14. Be2 f5 15.
f4 Ng4 16. Bxg4 Qh4+ 17. Qf2 Qxg4 18. h3 Qg3 19. N1e2 Qxf2+ 20. Kxf2 fxe4 21.
Nxe4 Bxb2 22. Rab1 Be5 23. Rb6 Bd7 24. Nxd6 Nf6 25. Nc4 Bc7 26. Rxb7 Nxd5 27.
Bxc5 Rf7 28. Bd6 Bxa4 29. Bxc7 Nxc7 30. Ne5 Rg7 31. Ra1 Bb5 32. Nc3 Rf8 33.
Nxb5 Nxb5 34. Rxg7+ Kxg7 35. Ke3 Ra8 36. Rc1 a5 37. Rc6 a4 38. Rxg6+ Kh7 39.
Rc6 a3 40. Rc1 a2 41. Ra1 Ra3+ 42. Nd3 {(Draw offer)} Nc3 43. Nc1 Nd5+ 44. Kd4
Nxf4 1/2-1/2

[Event "4NCL/Div1/BIG-AD"]
[Site "Rd6-Birmingham"]
[Date "2000.01.23"]
[Round "6.3"]
[White "Ferguson, Mark"]
[Black "Richardson, John"]
[Result "1/2-1/2"]
[WhiteElo "2371"]
[BlackElo "2331"]
[PlyCount "50"]
[EventDate "2000.01.23"]
[SourceDate "2000.01.01"]

1. e4 d5 2. exd5 Qxd5 3. Nf3 Nf6 4. d4 c6 5. Be2 Bf5 6. O-O e6 7. c4 Qa5 8. Bf4
Nbd7 9. a3 Be7 10. Nbd2 O-O 11. b4 Qd8 12. Nh4 Be4 13. Nxe4 Nxe4 14. Nf3 Nc3
15. Qc2 Nxe2+ 16. Qxe2 a5 17. Rab1 Nb6 18. Qc2 axb4 19. axb4 Ra3 20. Rfd1 Qa8
21. Bc7 Qa4 22. Qc1 Na8 23. Be5 Nb6 24. Bc7 Na8 25. Be5 Nb6 1/2-1/2

[Event "4NCL/Div1/BIG-AD"]
[Site "Rd6-Birmingham"]
[Date "2000.01.23"]
[Round "6.4"]
[White "Lyell, Mark"]
[Black "Arkell, Keith"]
[Result "0-1"]
[WhiteElo "2222"]
[BlackElo "2436"]
[PlyCount "136"]
[EventDate "2000.01.23"]
[SourceDate "2000.01.01"]

1. f4 d5 2. Nf3 c5 3. g3 Nc6 4. Bg2 e6 5. O-O Bd6 6. Nc3 Nf6 7. d3 d4 8. Nb5
Be7 9. c3 a6 10. Na3 O-O 11. Bd2 Rb8 12. Nc2 b5 13. cxd4 cxd4 14. f5 exf5 15.
Nh4 Nd5 16. Nxf5 Bf6 17. Qe1 Be6 18. Qf2 Qb6 19. g4 Rbd8 20. g5 Be5 21. Qh4
Nde7 22. Nxe7+ Nxe7 23. Be4 Ng6 24. Bxg6 hxg6 25. Ne1 Rfe8 26. Nf3 Bb8 27. Bf4
Bxf4 28. Qxf4 Qd6 29. Nd2 Bf5 30. Ne4 Qxf4 31. Rxf4 Bxe4 32. dxe4 Re5 33. Kf2
Rc5 34. Rd1 Rc2 35. Rd3 Rxb2 36. a3 Rc2 37. e5 Rc4 38. Rh4 Rd5 39. Re4 Kf8 40.
Kf3 Ke7 41. Kf4 Ke6 42. Rh3 Rd8 43. Rd3 Rh8 44. Kg3 Rd8 45. Kf4 a5 46. Rb3 b4
47. axb4 Rxb4 48. Ra3 Rd5 49. Rh3 Rb8 50. Ra3 Rh8 51. Kg3 Ra8 52. Ra4 Rxe5 53.
Raxd4 Rxe4 54. Rxe4+ Kd6 55. Ra4 Kc5 56. Kf4 Kb5 57. Ra1 a4 58. Ke4 a3 59. Kd3
Kb4 60. Kc2 Ra7 61. Rb1+ Kc4 62. Rc1 Rb7 63. Kd2+ Kd4 64. e3+ Kd5 65. Ra1 Rb3
66. Rf1 a2 67. Ra1 Ra3 68. Kc1 Ke4 0-1

[Event "4NCL/Div1/BIG-AD"]
[Site "Rd6-Birmingham"]
[Date "2000.01.23"]
[Round "6.5"]
[White "Cooper, Lawrence"]
[Black "Cafferty, Bernard"]
[Result "1-0"]
[WhiteElo "2338"]
[BlackElo "2195"]
[PlyCount "67"]
[EventDate "2000.01.23"]
[SourceDate "2000.01.01"]

1. e4 Nf6 2. e5 Nd5 3. d4 d6 4. c4 Nb6 5. exd6 exd6 6. Nc3 Be7 7. h3 Bf5 8. Nf3
O-O 9. Be2 Re8 10. O-O N8d7 11. Bf4 Nf8 12. Rc1 Ne6 13. Be3 Ng5 14. Nd5 Nxd5
15. cxd5 Be4 16. Nxg5 Bxg5 17. Bf3 Bxe3 {(Draw offer)} 18. fxe3 Qg5 19. Rxc7
Qxe3+ 20. Kh1 Bd3 21. Rc3 Bxf1 22. Rxe3 Rxe3 23. Qxf1 Rae8 24. Qb5 R3e7 25. Qb4
Rd8 26. Qa5 b6 27. Qc3 f5 28. Kg1 Kf7 29. Kf2 Kf6 30. Be2 g6 31. Qd2 g5 32. Bd3
Rc8 33. Qd1 Rf7 34. Qh5 1-0

[Event "4NCL/Div1/BIG-AD"]
[Site "Rd6-Birmingham"]
[Date "2000.01.23"]
[Round "6.6"]
[White "Friedgood, David"]
[Black "Baker, Chris W"]
[Result "0-1"]
[WhiteElo "2244"]
[BlackElo "2357"]
[PlyCount "46"]
[EventDate "2000.01.23"]
[SourceDate "2000.01.01"]

1. c4 e5 2. Nc3 Nf6 3. Nf3 Nc6 4. e4 Bc5 5. Nxe5 Nxe5 6. d4 Bb4 7. dxe5 Nxe4 8.
Qf3 d5 9. Be2 Qe7 10. O-O Bxc3 11. bxc3 O-O 12. Bf4 f6 13. cxd5 fxe5 14. Qxe4
Rxf4 15. Qe3 Bf5 16. g3 Ra4 17. c4 Ra3 18. Qc1 Qc5 19. Kg2 Re8 20. Re1 Rf8 21.
Bf1 Rf3 22. Rxe5 Rxf2+ 23. Kh1 Bg4 0-1

[Event "4NCL/Div1/BIG-AD"]
[Site "Rd6-Birmingham"]
[Date "2000.01.23"]
[Round "6.7"]
[White "Georghiou, Paul"]
[Black "Anderton, David"]
[Result "1-0"]
[WhiteElo "2243"]
[BlackElo "2215"]
[PlyCount "63"]
[EventDate "2000.01.23"]
[SourceDate "2000.01.01"]

1. d4 Nf6 2. c4 e6 3. Nf3 b6 4. Nc3 Bb4 5. Bg5 h6 6. Bh4 Bb7 7. e3 g5 8. Bg3
Ne4 9. Qc2 Bxc3+ 10. bxc3 Nxg3 11. fxg3 g4 12. Nh4 Qg5 13. Qf2 d6 14. Bd3 Nd7
15. O-O O-O-O 16. a4 a5 17. Kh1 Rdf8 18. e4 Rhg8 19. Ra2 Rg7 20. Qe2 Rh8 21.
Rb2 h5 22. Rfb1 Qe7 23. e5 dxe5 24. c5 exd4 25. cxd4 Nxc5 26. Nf5 Qg5 27. dxc5
exf5 28. cxb6 f6 29. Qe6+ Kb8 30. bxc7+ Rxc7 31. Rxb7+ Rxb7 32. Qd6+ 1-0

[Event "4NCL/Div1/BIG-AD"]
[Site "Rd6-Birmingham"]
[Date "2000.01.23"]
[Round "6.8"]
[White "Milligan, Helen"]
[Black "Regan, Natasha"]
[Result "1/2-1/2"]
[WhiteElo "2125"]
[BlackElo "2184"]
[PlyCount "54"]
[EventDate "2000.01.23"]
[SourceDate "2000.01.01"]

1. e4 Nf6 2. e5 Nd5 3. d4 d6 4. Nf3 dxe5 5. Nxe5 c6 6. Bc4 g6 7. O-O Bg7 8. Nd2
O-O 9. Ndf3 Nd7 10. Nd3 a5 11. a4 Nc7 12. c3 b5 13. Bb3 Bb7 14. Bf4 Na6 15. Re1
bxa4 16. Bxa4 c5 17. Bxd7 Qxd7 18. Nde5 Qf5 19. Bg3 Bxf3 20. Nxf3 cxd4 21. Nxd4
Bxd4 22. Qxd4 Rfe8 23. h3 Qc2 24. Rxa5 Qxb2 25. Rea1 Rad8 26. Qe3 Nb8 27. Qc1
Qe2 1/2-1/2

[Event "4NCL/Div1/BR-GUI"]
[Site "Rd6-Birmingham"]
[Date "2000.01.23"]
[Round "6.1"]
[White "Sherwin, James"]
[Black "Conquest, Stuart"]
[Result "0-1"]
[WhiteElo "2369"]
[BlackElo "2563"]
[PlyCount "82"]
[EventDate "2000.01.23"]
[SourceDate "2000.01.01"]

1. Nf3 d6 2. c4 e5 3. Nc3 f5 4. g3 Nf6 5. Bg2 Be7 6. d3 O-O 7. c5 Kh8 8. cxd6
cxd6 9. O-O Nc6 10. Bg5 Qe8 11. e3 Be6 12. Nd2 Rb8 13. Rc1 Qf7 14. a3 h6 15.
Bxf6 Bxf6 16. b4 g5 17. b5 Na5 18. e4 f4 19. Bf3 Qd7 20. Nd5 Bd8 21. Qa4 a6 22.
Rb1 Rc8 23. Qb4 axb5 24. Qxb5 Qxb5 25. Rxb5 Rc2 26. Nb3 Nxb3 27. Rxb3 fxg3 28.
hxg3 Rxf3 29. Rxb7 Bh3 30. Rb8 Rf8 31. Ne3 Bxf1 32. Nxc2 Bxd3 33. Ne3 Bxe4 34.
Ng4 Kg7 35. a4 h5 36. Ne3 Bc7 37. Rb4 Bf3 38. Rc4 Bb6 39. a5 Bxa5 40. Ra4 Bb6
41. Nc4 Bxf2+ 0-1

[Event "4NCL/Div1/BR-GUI"]
[Site "Rd6-Birmingham"]
[Date "2000.01.23"]
[Round "6.2"]
[White "Plaskett, James"]
[Black "Ansell, Simon"]
[Result "1/2-1/2"]
[WhiteElo "2515"]
[BlackElo "2383"]
[PlyCount "53"]
[EventDate "2000.01.23"]
[SourceDate "2000.01.01"]

1. e4 c5 2. Nc3 Nc6 3. f4 g6 4. Nf3 Bg7 5. Bb5 Nd4 6. O-O Nxb5 7. Nxb5 d5 8. e5
a6 9. Nc3 Bg4 10. d4 cxd4 11. Qxd4 Bxf3 12. Rxf3 e6 13. Be3 Ne7 14. Ne2 O-O 15.
Qd2 Rc8 16. Nd4 Nc6 17. Re1 Qd7 18. c3 f6 19. exf6 Bxf6 20. Nxc6 Rxc6 21. h3 b5
22. Bd4 Bxd4+ 23. Qxd4 Qd6 24. b3 a5 25. a4 bxa4 26. Qxa4 Qc7 27. Qd4 1/2-1/2

[Event "4NCL/Div1/BR-GUI"]
[Site "Rd6-Birmingham"]
[Date "2000.01.23"]
[Round "6.3"]
[White "Ledger, David"]
[Black "King, Daniel"]
[Result "0-1"]
[WhiteElo "2285"]
[BlackElo "2514"]
[PlyCount "78"]
[EventDate "2000.01.23"]
[SourceDate "2000.01.01"]

1. e4 c5 2. Nc3 Nc6 3. g3 g6 4. d3 Bg7 5. Be3 d6 6. Qd2 e5 7. Bg2 Nge7 8. f4
Nd4 9. Nf3 O-O 10. O-O exf4 11. gxf4 f5 12. Rab1 Kh8 13. Qf2 Nec6 14. Nd5 Nxf3+
15. Bxf3 Be6 16. c3 Qd7 17. Kh1 Rae8 18. Rbd1 b6 19. Bc1 Rf7 20. Qg3 Ne7 21.
Rfe1 Ref8 22. Nxe7 Rxe7 23. a3 Bb3 24. Rd2 Ba4 25. Rde2 Bb5 26. c4 Bc6 27. Qg2
fxe4 28. Bxe4 Bxe4 29. Rxe4 Rxe4 30. Qxe4 Qh3 31. b3 g5 32. Qe3 Qxe3 33. Rxe3
gxf4 34. Re7 Bf6 35. Rxa7 Bd4 36. Re7 f3 37. Re1 f2 38. Rf1 Rg8 39. Bb2 Rg1+
0-1

[Event "4NCL/Div1/BR-GUI"]
[Site "Rd6-Birmingham"]
[Date "2000.01.23"]
[Round "6.4"]
[White "Kinsman, Andrew"]
[Black "Hanley, Craig"]
[Result "1/2-1/2"]
[WhiteElo "2399"]
[BlackElo "2231"]
[PlyCount "81"]
[EventDate "2000.01.23"]
[SourceDate "2000.01.01"]

1. d4 d5 2. Nf3 Nf6 3. c4 c6 4. Qc2 dxc4 5. Qxc4 Bf5 6. g3 e6 7. Bg2 Be7 8. O-O
O-O 9. Nc3 Nbd7 10. e3 Ne4 11. Qe2 c5 12. Rd1 Qc7 13. Bd2 Rac8 14. Rac1 c4 15.
b3 Nxc3 16. Bxc3 b5 17. e4 Bg4 18. bxc4 Qxc4 19. Qxc4 Rxc4 20. Bb2 Nb6 21. h3
Bxf3 22. Bxf3 Na4 23. Rxc4 bxc4 24. Bc1 Rb8 25. Bf4 Rb2 26. d5 c3 27. d6 Bd8
28. Rd4 g5 29. Be3 Nb6 30. Rd3 c2 31. Rc3 Bf6 32. Rc6 Rxa2 33. Kg2 h6 34. Bh5
Be5 35. h4 Ra1 36. Rxc2 Bxd6 37. hxg5 hxg5 38. Rc6 Be7 39. Bxb6 axb6 40. Rxb6
Ra7 41. Rc6 1/2-1/2

[Event "4NCL/Div1/BR-GUI"]
[Site "Rd6-Birmingham"]
[Date "2000.01.23"]
[Round "6.5"]
[White "Buckley, Simon"]
[Black "Povah, Nigel"]
[Result "0-1"]
[WhiteElo "2270"]
[BlackElo "2360"]
[PlyCount "74"]
[EventDate "2000.01.23"]
[SourceDate "2000.01.01"]

1. e4 d5 2. exd5 Nf6 3. Nf3 Qxd5 4. Nc3 Qa5 5. d4 Bf5 6. Bc4 c6 7. O-O e6 8.
Bd2 Qc7 9. Qe2 Be7 10. Ne5 Nbd7 11. Bf4 Qb6 12. Qe3 Nxe5 13. Bxe5 Bxc2 14. Qe2
Bf5 15. Bxf6 Bxf6 16. d5 Bxc3 17. bxc3 cxd5 18. Bb5+ Ke7 19. c4 Rhd8 20. Rfd1
dxc4 21. Qxc4 Kf8 22. Rac1 h6 23. Ba4 Kg8 24. Bb3 Rxd1+ 25. Rxd1 Rd8 26. Rxd8+
Qxd8 27. h3 Qd7 28. Qc5 a6 29. Qe5 Qc6 30. Kh2 b5 31. Qe1 Be4 32. f3 Bd5 33.
Qa5 Qd6+ 34. Kh1 Bxb3 35. axb3 Qd1+ 36. Kh2 Qxb3 37. Qxa6 b4 0-1

[Event "4NCL/Div1/BR-GUI"]
[Site "Rd6-Birmingham"]
[Date "2000.01.23"]
[Round "6.6"]
[White "Webb, Richard"]
[Black "Mordue, Tyson"]
[Result "1-0"]
[WhiteElo "2351"]
[BlackElo "2265"]
[PlyCount "75"]
[EventDate "2000.01.23"]
[SourceDate "2000.01.01"]

1. e4 c5 2. Nc3 Nc6 3. Nge2 d6 4. g3 g6 5. d4 cxd4 6. Nxd4 Bg7 7. Nde2 Nf6 8.
Bg2 Bd7 9. O-O h5 10. h3 Qc8 11. Kh2 h4 12. g4 Ne5 13. Nf4 Bh6 14. Nfd5 Nxd5
15. Nxd5 Bxc1 16. Qxc1 f6 17. f4 Nf7 18. e5 dxe5 19. fxe5 Qb8 20. Kh1 Bc6 21.
exf6 Qd6 22. Qd1 e6 23. Nf4 Bxg2+ 24. Kxg2 Qc6+ 25. Qf3 Qxf3+ 26. Rxf3 Ng5 27.
Nxg6 Rh6 28. f7+ Nxf7 29. Raf1 Rxg6 30. Rxf7 O-O-O 31. Re7 e5 32. Rxe5 Rc6 33.
Rf2 Rd1 34. Re7 a6 35. Rh7 Kb8 36. Rxh4 Rb1 37. b3 Rb2 38. c4 1-0

[Event "4NCL/Div1/BR-GUI"]
[Site "Rd6-Birmingham"]
[Date "2000.01.23"]
[Round "6.7"]
[White "McFarland, Robert"]
[Black "Thompson, Ian"]
[Result "1/2-1/2"]
[WhiteElo "2260"]
[BlackElo "2249"]
[PlyCount "86"]
[EventDate "2000.01.23"]
[SourceDate "2000.01.01"]

1. Nf3 g6 2. g3 Bg7 3. d4 c5 4. Bg2 cxd4 5. Nxd4 Nc6 6. Nxc6 bxc6 7. O-O Rb8 8.
c3 Nf6 9. Qa4 Qc7 10. Nd2 O-O 11. Nb3 c5 12. Qa5 Qxa5 13. Nxa5 Rb5 14. Nc4 Ba6
15. Rd1 Rbb8 16. b3 Bxc4 17. bxc4 d6 18. Bg5 h6 19. Bxf6 Bxf6 20. Rdc1 Rb2 21.
Kf1 Rfb8 22. Be4 R8b6 23. Rc2 Rxc2 24. Bxc2 Rb2 25. Bb3 Bxc3 26. Rc1 Bf6 27. h4
Kf8 28. Rc2 Rb1+ 29. Kg2 Ke8 30. e3 Kd8 31. Kf3 Kc7 32. Ke2 g5 33. hxg5 hxg5
34. Kd2 Kb6 35. Rc1 Rxc1 36. Kxc1 Ka5 37. a3 Bc3 38. g4 Be5 39. e4 Kb6 40. Ba4
Kc7 41. Be8 {(Draw offer)} f6 42. Kc2 Kd8 43. Ba4 Bd4 1/2-1/2

[Event "4NCL/Div1/BR-GUI"]
[Site "Rd6-Birmingham"]
[Date "2000.01.23"]
[Round "6.8"]
[White "Yurenok, Maria"]
[Black "Buckley, Melanie"]
[Result "1/2-1/2"]
[WhiteElo "1912"]
[BlackElo "2090"]
[PlyCount "81"]
[EventDate "2000.01.23"]
[SourceDate "2000.01.01"]

1. d4 e6 2. Nf3 Nf6 3. Bg5 h6 4. Bh4 Be7 5. e3 b6 6. Bd3 Bb7 7. O-O Ne4 8. Bxe7
Qxe7 9. Nbd2 Nxd2 10. Nxd2 d5 11. f4 Nd7 12. Nf3 f5 13. Ne5 Nxe5 14. fxe5 O-O-O
15. c3 g5 16. b4 Rdf8 17. a4 Kb8 18. a5 Rf7 19. axb6 cxb6 20. Qa4 Ba8 21. Rf2
Rc8 22. Qb3 Qd8 23. b5 Rfc7 24. Rc1 Qd7 25. Qb2 Qe7 26. Rff1 Qd7 27. Rc2 Qe8
28. Qc1 Qe7 29. Be2 g4 30. Bd3 Qg5 31. Qd2 Qe7 32. Ra1 Qd7 33. Ra3 Qe7 34. Rca2
Rd8 35. Bf1 h5 36. Ra6 h4 37. R6a3 Rdc8 38. Ra1 Rf8 39. R1a2 Rf7 40. Ra1 Qg5
41. R3a2 1/2-1/2